Score 0/20 Timer 05:00
3 Plays Today
Question Answer Wrong Answers
Eat Fresh Subway
93.4%
Blimpie
0.6%
Quiznos
2.6%
Panera Bread
2.4%
The nighttime sniffling, sneezing, coughing, aching, stuffy head, fever, so-you-can-rest medicine NyQuil
88.9%
Robitussin
5.1%
Motrin
1.5%
Delsym
1.5%
The Quicker Picker-Upper Bounty
82.4%
Brawny
7.4%
Scott
2.3%
Viva
4.3%
Choosy Moms Choose _________ Jif
80.5%
Skippy
8.4%
Peter Pan
1.9%
Planters
4.1%
Mmm Mmm Good Campbell's
76.4%
Progresso
2.9%
Chef Boyardee
12.6%
Del Monte
3.4%
Mentally Stimulating Diversions Sporcle
70.3%
Trivial Pursuit
7.8%
Cranium
11.3%
Balderdash
3.4%
It's What's for Dinner Beef
66.1%
Chicken
19.8%
Pork
11.2%
Shrimp
1.9%
When You Care Enough to Send the Very Best Hallmark
64.6%
FTD Flowers
18.5%
Omaha Steaks
4.2%
American Greetings
6.9%
Because We're Worth It L'Oréal
63.6%
Estée Lauder
9.8%
Revlon
14.3%
Chanel
7.1%
Strong Enough for a Man, Made for a Woman Secret
60.8%
Degree
11%
Dove
16.5%
Old Spice
5.7%
Can You Hear Me Now? Verizon
56.8%
AT&T
11.9%
T-Mobile
9.9%
Sprint
14.7%
Think Different Apple
55.4%
Microsoft
7.6%
Intel
13.7%
IBM
19.2%
That's How You Spell Relief Rolaids
51.5%
Pepto-Bismol
16%
Tums
18.6%
Gas-X
9.6%
Look Ma, No Cavities! Crest
51.4%
Colgate
31.4%
Aquafresh
7.2%
Arm and Hammer
4%
Fly the Friendly Skies United
50.6%
Southwest
12.2%
Delta
22.4%
American
14%
Yeah, We've Got That Staples
48.5%
Office Max
26.3%
Target
9.6%
Walmart
13.2%
The World On Time FedEx
42.2%
UPS
22.2%
US Postal Service
9.9%
DHL
19.4%
Characters Welcome USA Network
39.4%
FX
21.3%
TBS
23.5%
Lifetime
10.3%
The Capitalist Tool Forbes
37.5%
The Economist
31.7%
Fortune
15.9%
Barron's
8.1%
Stronger than Dirt Ajax
35.3%
Comet
10.4%
Mr. Clean
40.9%
Lysol
6.6%

You're not logged in!

Compare scores with friends on all Sporcle quizzes.
OR
Log In

Sporcle TV

Today on Sporcle TV


Watch our educational content, quiz creation guides, and fun videos on Sporcle TV.

Show Comments

Extras

Top Quizzes Today


Score Distribution

Your Account Isn't Verified!

In order to create a playlist on Sporcle, you need to verify the email address you used during registration. Go to your Sporcle Settings to finish the process.

Report this User

Report this user for behavior that violates our Community Guidelines.

Details: